| 000 | 01945nam a2200457Ii 4500 | ||
|---|---|---|---|
| 001 | DIGDOCEC0140 | ||
| 003 | NyNyDIG | ||
| 006 | m o d | ||
| 007 | cr ||||||||||| | ||
| 008 | 241203s2009 sp a ob 000 0 spa d | ||
| 035 | _a(OCoLC)1478203826 | ||
| 040 |
_aDGITA _beng _erda _epn _cDGITA |
||
| 020 |
_z9788400088590 _q(CSIC) |
||
| 020 |
_z9788497440905 _q(Doce Calles) |
||
| 024 | 7 |
_z472-09-125-0 _2nipo |
|
| 043 | _ae-sp--- | ||
| 050 | 1 | 4 | _aPN5314 ebook |
| 100 | 1 |
_aGil Novales, Alberto, _eauthor. |
|
| 245 | 1 | 0 |
_aPrensa, guerra y revolución : _blos periódicos españoles durante la Guerra de la Independencia / _cAlberto Gil Novales. |
| 264 | 1 |
_a[Madrid, España] : _bConsejo Superior de Investigaciones Científicas : _bEdiciones Doce Calles, _c[2009] |
|
| 300 |
_a1 online resource : _billustrations. |
||
| 336 |
_atext _btxt _2rdacontent |
||
| 337 |
_acomputer _bc _2rdamedia |
||
| 338 |
_aonline resource _bcr _2rdacarrier |
||
| 347 |
_atext file _2rdaft |
||
| 347 | _bPDF | ||
| 490 | 1 | _a1808-1814, guerra & revolución | |
| 504 | _aIncludes bibliographical references. | ||
| 588 | 0 | _aOnline resource; title from PDF title page (Digitalia, viewed December 3, 2024) | |
| 650 | 0 |
_aSpanish newspapers _xHistory _y19th century. |
|
| 650 | 0 |
_aPress _zSpain _xHistory _y19th century. |
|
| 650 | 0 |
_aNewspapers _xHistory _y19th century. |
|
| 651 | 0 |
_aSpain _xHistory _yNapoleonic Conquest, 1808-1813 _xPress coverage. |
|
| 791 | 2 |
_aDigitalia (Firm), _edistributor. |
|
| 793 | 0 |
_gDigitalia eBook Collection: _aEdiciones Doce Calles |
|
| 776 | 0 | 8 |
_iPrint version: _aGil Novales, Alberto. _tPrensa, guerra y revolución. _d[Madrid, España] : Consejo Superior de Investigaciones Científicas : Ediciones Doce Calles, [2009] _z9788497440905 |
| 830 | 0 | _a1808-1814, guerra & revolución. | |
| 856 | 4 | 0 |
_3Digitalia Hispánica _uhttps://www.digitaliapublishing.com/a/162899/ |
| 910 | _aPremium collection: 2024 | ||
| 942 | _cRAA | ||
| 999 |
_c289452 _d289452 |
||